000 00634cam a2200217 a 4500
020 _a9780521190435 (hardback)
020 _a0521190436 (hardback)
020 _a9780521137584 (pbk.)
020 _a0521137586 (pbk.)
040 _cDLC
082 0 0 _a333 FAO 1990 C161 Or.
100 1 _aBullock, Ryan C. L
245 1 0 _aCommunity forestry :
_blocal values, conflict and forest governance /
300 _avi, 186 pages :
_billustrations ;
_c23 cm
650 0 _aCommunity forestry
650 0 _aCommunity forestry
650 0 _aForest management
650 0 _aSustainable forestry
700 1 _aHanna, Kevin S.
942 _cAEDBB
999 _c19105
_d19105